Personnages - Triangle Strategy - Statistiques

Statistiques générales
  • Ce quiz a été pris 24 fois
  • Le résultat moyen est 36 sur 54
Statistiques - réponses
Par images Réponse % Correct
Frédérica
100%
Bénédict
90%
Cordelia
90%
Geela
90%
Huguette
90%
Maxwell
90%
Roland
90%
Sérénor
90%
Simon
90%
Anna
80%
Avlora
80%
Corentin
80%
Erador
80%
Frani
80%
Gustadolph
80%
Jérome
80%
Milo
80%
Trish
80%
Archibald
70%
Dragan
70%
Erika
70%
Julio
70%
Lionel
70%
Medina
70%
Patriatte
70%
Picoletta
70%
Rufus
70%
Silvio
70%
Travis
70%
Décimal
60%
Ezana
60%
Flanagan
60%
Giovanna
60%
Hossabara
60%
Idor
60%
Jens
60%
Laïla
60%
Narve
60%
Oracle
60%
Regna
60%
Rudolph
60%
Sorsley
60%
Booker
50%
Clarus
50%
Enigma
50%
Groma
50%
Kamsell
50%
Svarog
50%
Thalas
50%
Landroi
40%
Sycras
40%
Ayxarme
30%
Plinius
30%
Qohaug
30%
Aucun quiz correspondant
Distribution des résultats
% des personnes avec chaque résultat
Percentile par nombre de réponses
Votre historique - résultats
Vous n’avez pas pris ce quiz